000 00354nam a22001457a 4500
008 250801b |||||||| |||| 00| 0 eng d
020 _a0521353459
050 _aHD82
_b.E55
100 _aELLMAN, Michael
245 _aSocialist Planning
250 _a2nd
260 _aAustralia
_bCambridge University Press
_c1989
300 _axvil, 362p.
942 _cBK
999 _c4395
_d4395